Φορτώνει......
Troubled waters /
Nancy Drew and her friends investigate a murder case, that involves some members of the university basketball team.
| Κύριος συγγραφέας: | |
|---|---|
| Συγγραφή απο Οργανισμό/Αρχή: | |
| Μορφή: | Printed Book |
| Γλώσσα: | English |
| Έκδοση: |
New York :
Aladdin Paperbacks,
2007.
|
| Έκδοση: | 1st Adaddin pbk. ed. |
| Σειρά: | Nancy Drew, girl detective ;
23 |
| Θέματα: | |
| Διαθέσιμο Online: | http://www.loc.gov/catdir/enhancements/fy0708/2006924387-d.html |
| LEADER | 01338cam a22003253a 4500 | ||
|---|---|---|---|
| 008 | 070416s2007 nyua j 000 1 eng d | ||
| 010 | |a 2006924387 | ||
| 020 | |a 1416925139(pbk.) | ||
| 020 | |a 9781416925132(pbk.) | ||
| 035 | |a (OCoLC)123131856 | ||
| 035 | |a (OCoLC)ocn123131856 | ||
| 042 | |a lccopycat | ||
| 082 | |a 823.8 KEE/T | ||
| 100 | 1 | |a Keene, Carolyn. | |
| 245 | 1 | 0 | |a Troubled waters / |c Carolyn Keene. |
| 250 | |a 1st Adaddin pbk. ed. | ||
| 260 | |a New York : |b Aladdin Paperbacks, |c 2007. | ||
| 300 | |a 149 p. : |b ill. ; |c 20 cm. | ||
| 490 | 0 | |a Nancy Drew, girl detective ; |v 23 | |
| 520 | |a Nancy Drew and her friends investigate a murder case, that involves some members of the university basketball team. | ||
| 650 | 0 | |a Drew, Nancy (Fictitious character) |v Juvenile fiction. | |
| 655 | 7 | |a Mystery fiction. |2 gsafd | |
| 655 | 7 | |a Young adult fiction. |2 lcsh | |
| 710 | 2 | |a Copyright Paperback Collection (Library of Congress) |5 DLC | |
| 856 | 4 | 2 | |u http://www.loc.gov/catdir/enhancements/fy0708/2006924387-d.html |
| 906 | |a 7 |b cbc |c copycat |d 2 |e ncip |f 20 |g y-genrareb | ||
| 942 | |c BK | ||
| 955 | |a vj05 2008-09-19 |h vj05 2008-09-19 |a xc00 2009-02-05 to USPL/CL | ||
| 999 | |c 200957 |d 200957 | ||
| 952 | |0 0 |1 0 |4 0 |6 823_800000000000000_KEE_T |7 0 |9 222418 |a ENG |b ENG |c ST1 |d 2017-06-24 |i 17066 |l 0 |o 823.8 KEE/T |p ENG17066 |r 2017-06-24 |w 2017-06-24 |y BK | ||